000 00803nam a2200265Ia 4500
003 OSt
005 20220912151321.0
006 a|||||r|||| 00| 0
007 ta
008 220909b |||||||| |||| 00| 0 eng d
024 _a55620
037 _cTextual
040 _aCSL
_beng
_cCSL
041 _aeng
082 _aL:5:(X)p1,N68, L0
100 _aKlarman Herbert E Ed.
111 _aInternational conference on empirical studies in health economic (1968 : Maryland)
245 0 _aProceeding on empirical studies in health economic
260 _aBaltimore
_bJohn Hopkins University Press
_c1970
300 _aix,433p.
_ccm.
650 _a Public health
650 _aMedicine
942 _hL:5:(X)p1,N68, L0
_cTEXL
_2CC
999 _c65851
_d65851